书目信息 |
| 题名: |
VHDL语言设计技术
|
|
| 作者: | 陈耀和 著 | |
| 分册: | ||
| 出版信息: | 北京 电子工业出版社 2004 |
|
| 页数: | 10,323页 | |
| 开本: | 26cm | |
| 丛书名: | 应用电子教育系列 | |
| 单 册: | ||
| 中图分类: | TP312VH | |
| 科图分类: | 73.9621 | |
| 主题词: | 硬件描述语言--ying jian miao shu yu yan--程序设计 , 硬件描述语言--ying jian miao shu yu yan , 程序设计--cheng xu she ji | |
| 电子资源: | ||
| ISBN: | 7-5053-9752-4 | |
| 000 | 01284nam0 2200349 450 | |
| 000 | 01303nam0 2200349 450 | |
| 000 | 01266nam0 2200337 450 | |
| 000 | 01223nam0 2200325 450 | |
| 000 | 01212nam0 2200325 450 | |
| 000 | 01175nam0 2200313 45 | |
| 001 | 012004119597 | |
| 005 | 20051214093338.01 | |
| 010 | @a7-5053-9752-4@dCNY29.00 | |
| 100 | @a20040705d2004 em y0chiy0121 ea | |
| 101 | 0 | @achi |
| 102 | @aCN@b110000 | |
| 105 | @ay z 000yy | |
| 200 | 1 | @aVHDL语言设计技术@AVHDL yu yan she ji ji shu@f陈耀和著 |
| 210 | @a北京@c电子工业出版社@d2004 | |
| 215 | @a10,323页@d26cm | |
| 225 | 2 | @a应用电子教育系列@Aying yong dian zi jiao yu xi lie |
| 330 | @a本书首先介绍了VHDL语言的基本知识、程序总体结构、实体和构造体语句使用规则,然后详细介绍了VHDL的语法规则及程序设计方法,并从6个方面阐述了VHDL语言的编程技巧,同时列举了74LS系列通用集成电路、工控机组合逻辑等设计实例。 | |
| 461 | 0 | @12001 @a应用电子教育系列 |
| 606 | 0 | @a硬件描述语言@Aying jian miao shu yu yan@x程序设计 |
| 606 | 0 | @a硬件描述语言@Aying jian miao shu yu yan |
| 606 | 0 | @a程序设计@Acheng xu she ji |
| 610 | 0 | @aVHDL语言 |
| 690 | @aTP312VH@v4 | |
| 692 | @a73.9621@v3 | |
| 701 | 0 | @a陈耀和@Achen yao he@c(集成电路)@4著 |
| 801 | 0 | @aCN@bSRXX@c20051214 |
| 905 | @a10447@dTP312VH@eC610 | |
| VHDL语言设计技术/陈耀和著.-北京:电子工业出版社,2004 |
| 10,323页;26cm.-(应用电子教育系列) |
| ISBN 7-5053-9752-4:CNY29.00 |
| 本书首先介绍了VHDL语言的基本知识、程序总体结构、实体和构造体语句使用规则,然后详细介绍了VHDL的语法规则及程序设计方法,并从6个方面阐述了VHDL语言的编程技巧,同时列举了74LS系列通用集成电路、工控机组合逻辑等设计实例。 |
| ● |
| 相关链接 |
|
|
|
正题名:VHDL语言设计技术
索取号:TP312VH/C610
 
预约/预借
| 序号 | 登录号 | 条形码 | 馆藏地/架位号 | 状态 | 备注 |
| 1 | 547131 | 205471318 | 自科库301/301自科库 56排1列3层/ [索取号:TP312VH/C610] | 在馆 | |
| 2 | 547132 | 205471327 | 自科二线400A/400A自科库 5排3列4层/ [索取号:TP312VH/C610] | 在馆 | |
| 3 | 547133 | 205471336 | 自科库301/301自科库 56排1列3层/ [索取号:TP312VH/C610] | 在馆 |